[Event "Floripa Chess Open 2024"]
[Site "Florianopolis"]
[Date "2024.01.28"]
[Round "10.35"]
[White "Cruz, Natan Gomes"]
[Black "Federzoni, Enzo"]
[Result "0-1"]
[WhiteElo "1888"]
[BlackElo "2170"]
[PlyCount "90"]
[EventDate "2024.01.20"]
[EventRounds "10"]
[EventCountry "BRA"]

1. e4 c5 2. Nf3 d6 3. d4 cxd4 4. Nxd4 Nf6 5. Nc3 a6 6. a3 e5 7. Nb3 ({RR} 7.
Nf5 d5 8. Bg5 d4 9. Bxf6 gxf6 10. Ne2 Qb6 11. Rb1 Nd7 12. Neg3 Nc5 13. Bc4 Be6
14. Bxe6 fxe6 15. Qh5+ Kd8 16. Nh6 Bxh6 17. Qxh6 Nd7 18. O-O Kc7 19. c3 Rag8
20. cxd4 exd4 21. Qf4+ e5 {Carlsen,M (2876)-Cheparinov,I (2670) chess24.com
INT 2020 1-0 (59)}) 7... Be6 8. f4 $146 ({RR} 8. Bd3 Nbd7 9. Bg5 Be7 10. O-O
O-O 11. Qd2 Rc8 12. Rad1 Qc7 13. Nd5 Bxd5 14. Bxf6 Nxf6 15. exd5 e4 16. Be2
Qxc2 17. Na5 Qxd2 18. Rxd2 Rc7 19. Re1 Nd7 20. g4 g6 21. f3 Bg5 22. Rdd1 exf3 {
Civitareale,A (1737)-Panican,G (1983) Mogliano Veneto 2013 0-1}) ({RR} 8. Bg5
Nbd7 9. Be2 Be7 10. O-O O-O 11. Re1 Rc8 12. Bf3 Qc7 13. Nd2 b5 14. Nf1 Qb8 15.
Ne3 Rc5 16. Nf5 Bxf5 17. exf5 Rfc8 18. Be3 Rc4 19. Be2 R4c7 20. g4 h6 21. h4
Rxc3 22. bxc3 Ne4 {Tarleva,D (2166)-Loftgaard,M (2258) Stavanger NOR 2023 0-1 
(38)}) ({RR} 8. Bd3 d5 9. O-O Be7 10. Bg5 Nxe4 11. Bxe7 Nxc3 12. Bxd8 Nxd1 13.
Raxd1 Kxd8 14. Bc4 Nc6 15. Bxd5 Bxd5 16. Rxd5+ Kc7 17. Rfd1 Rhd8 18. Rxd8 Nxd8
19. Kf1 Ne6 20. c3 b6 21. g3 Rf8 22. Ke2 f6 {Garcia Sanchez,J (1793)-Sarralde
Osua,D (2133) Zornotza 2014 1-0 (60)}) ({RR} 8. Nd2 Be7 9. Be2 Nbd7 10. O-O O-O
11. Nc4 Qc7 12. b3 b5 13. Bb2 bxc4 14. Rc1 cxb3 15. cxb3 Qb7 16. Bd3 Bxb3 17.
Qd2 Nc5 18. Bb1 Be6 19. f3 Nb3 20. Qe3 Nxc1 21. Qxc1 Rab8 22. Rf2 d5 {Ramirez
Vega,G (1557)-Rey Serrano,J (1727) Bucaramanga 2014 0-1}) 8... Be7 9. f5 Bd7
10. Bg5 Bc6 11. Qf3 Nxe4 12. Nxe4 Bxg5 13. Rd1 Bh4+ 14. g3 Be7 15. Bc4 O-O 16.
O-O Nd7 17. Rf2 Bxe4 18. Qxe4 Qb6 19. Kg2 Nf6 20. Qf3 a5 21. a4 e4 22. Qe2 Rac8
23. Bd5 e3 24. Rf3 Nxd5 25. Rxd5 Qc6 26. c4 Qxa4 27. Rxe3 Bg5 28. Rxa5 Qxc4 29.
Qxc4 Rxc4 30. Re2 Rb4 31. Ra3 Bf6 32. Kf3 h5 33. Re4 Rb5 34. Nd4 Rxb2 35. h3 d5
36. Rf4 Bg5 37. Ne2 Bxf4 38. Nxf4 d4 39. Rd3 Rd8 40. Nxh5 b5 41. Nf4 b4 42. Ke4
b3 43. Nd5 Re2+ 44. Kf3 Re5 45. Nb4 Re3+ 0-1

[Event "Floripa Chess Open 2024"]
[Site "Florianopolis"]
[Date "2024.01.28"]
[Round "10.37"]
[White "De Carvalho, Vitor Augusto Ponci"]
[Black "Ferreira, Andrei Dias"]
[Result "1-0"]
[WhiteElo "2124"]
[BlackElo "1977"]
[PlyCount "67"]
[EventDate "2024.01.20"]
[EventRounds "10"]
[EventCountry "BRA"]

1. e4 c5 2. Nf3 e6 3. d4 cxd4 4. Nxd4 Nc6 5. Nc3 Qc7 6. Qd3 a6 7. Nxc6 bxc6 8.
Qg3 d6 ({RR} 8... Qxg3 9. hxg3 d5 10. Na4 Rb8 11. exd5 cxd5 12. Be3 Nf6 13. f3
Bd6 14. g4 Bd7 15. Nb6 Bb5 16. g5 Nd7 17. Nxd7 Kxd7 18. O-O-O Bxf1 19. Rhxf1
Rb4 20. Rh1 Bf4 21. Bxf4 Rxf4 22. Rd3 Rf5 23. g6 {Perunovic,M (2622)
-Morozevich,A (2711) Berlin 2015 1-0 (48)}) 9. Be2 Ne7 ({RR} 9... Rb8 10. O-O
Nf6 11. b3 h5 12. h4 e5 13. Bg5 Be7 14. Rad1 Ng4 15. Bxe7 Qxe7 16. Rd3 f5 17.
Bxg4 hxg4 18. exf5 Bxf5 19. Rd2 O-O 20. Re1 Rbe8 21. Ne4 d5 22. Ng5 Qb4 23. c3
Qf4 24. Qe3 {Piekielny,P (2225)-Pulvett,D (2496) Lublin POL 2023 1/2-1/2 (47)})
10. h4 c5 11. h5 $146 ({RR} 11. Be3 Bb7 12. Rd1 O-O-O 13. O-O Nc6 14. a3 g6 15.
Na4 Bg7 16. c3 Ne5 17. f4 Nd7 18. b4 Qc6 19. Nb2 Nf6 20. Bf3 Nxe4 21. Qh3 Qc7 {
1/2-1/2 (21) Miranda Mesa,E (2449)-Borges Matos,J (2452) Santa Clara 2017})
11... Nc6 12. h6 g6 13. Bg5 Be7 14. Bxe7 Qxe7 15. O-O-O Nd4 16. Rhe1 Bb7 17.
Bc4 Rc8 18. Nb1 O-O 19. c3 Qf6 20. e5 Qd8 21. exd6 Nf5 22. Qf4 Bxg2 23. Na3 Bb7
24. Rxe6 fxe6 25. Bxe6+ Kh8 26. d7 Ra8 27. Qe5+ Rf6 28. Bxf5 Qf8 29. Nc4 Kg8
30. Be6+ Kh8 31. Ne3 Bf3 32. Bd5 Bxd1 33. Bxa8 Qd6 34. Nc4 1-0

[Event "Floripa Chess Open 2024"]
[Site "Florianopolis"]
[Date "2024.01.28"]
[Round "10.39"]
[White "Viana, Daniel Fernandes"]
[Black "Madeira, Wagner Martins"]
[Result "0-1"]
[WhiteElo "1830"]
[BlackElo "2122"]
[PlyCount "92"]
[EventDate "2024.01.20"]
[EventRounds "10"]
[EventCountry "BRA"]

1. c4 Nf6 2. d4 e6 3. Nc3 Bb4 4. e3 d5 5. Bd3 O-O 6. Nge2 b6 7. cxd5 exd5 8.
O-O Ba6 9. a3 Bxc3 10. bxc3 c5 11. Bxa6 Nxa6 12. Qd3 c4 ({RR} 12... Nc7 13.
dxc5 bxc5 14. c4 Rb8 15. Rd1 Qe7 16. Bd2 dxc4 17. Qxc4 Ncd5 18. Rac1 Rfc8 19.
Ng3 Qe5 20. h3 h5 21. Be1 Rb6 22. Rc2 Rd6 23. Rdc1 Rc7 24. Qe2 Rdc6 25. Rc4 g6
26. Qf3 Qe6 27. Ne4 {Kramnik,V (2753)-Inarkiev,E (2661) Krasnogorsk RUS 2022 1/
2-1/2 (53)}) 13. Qc2 b5 14. f3 Nc7 $146 ({RR} 14... Re8 15. Ng3 h5 16. Bd2 h4
17. Nh1 Qe7 18. Nf2 Nc7 19. Rfe1 a5 20. e4 Na6 21. Bg5 Qe6 22. e5 Nd7 23. f4 b4
24. f5 Qb6 25. Rab1 b3 26. Qd2 f6 27. exf6 Nxf6 28. Bxf6 Qxf6 29. Ng4 {Selnes,
H (1921)-Cheng,B (2103) Gold Coast 2009 0-1 (37)}) ({RR} 14... Re8 15. Ng3 Nb8
16. e4 Nc6 17. e5 Nd7 18. Nf5 Qb6 19. Qf2 Nf8 20. f4 a5 21. Nd6 Re6 22. f5 Rxd6
23. exd6 Rd8 24. f6 g6 25. Qf4 Ne6 26. Qh6 Rxd6 27. Re1 Ncd8 28. Bf4 Rd7 29.
Re3 {Siddharth,J (2396)-Jovic,S (2073) chess.com INT 2023 1-0}) 15. e4 a5 16.
Bg5 Ne6 17. Bh4 g5 18. Bf2 Nh5 19. g3 Kh8 20. Be3 Ra6 21. Kh1 Rg8 22. e5 f6 23.
f4 gxf4 24. Nxf4 Nhxf4 25. gxf4 fxe5 26. fxe5 Qh4 27. Rg1 Raa8 28. Qf5 Raf8 29.
Rxg8+ Rxg8 30. Rf1 Rf8 31. Qxf8+ Nxf8 32. Rxf8+ Kg7 33. Rf3 Qe4 34. Kg2 b4 35.
axb4 axb4 36. cxb4 c3 37. e6 c2 38. Bg5 Qxe6 39. Rg3 Qe2+ 40. Kh3 Kf7 41. Rc3
Qf1+ 42. Kg4 Qg1+ 43. Kf5 Qf2+ 44. Bf4 Qxd4 45. Rc7+ Ke8 46. Ke6 Qb6+ 0-1

[Event "Floripa Chess Open 2024"]
[Site "Florianopolis"]
[Date "2024.01.28"]
[Round "10.40"]
[White "Boabaid, Jorge Alberto Duard"]
[Black "Casalaspro, Mathias Andre"]
[Result "0-1"]
[WhiteElo "1771"]
[BlackElo "2121"]
[PlyCount "80"]
[EventDate "2024.01.20"]
[EventRounds "10"]
[EventCountry "BRA"]

1. e4 c6 2. d4 d5 3. exd5 cxd5 4. Bd3 Nc6 5. c3 Qc7 6. h3 e6 7. Nf3 Bd6 8. O-O
Nge7 9. Re1 Bd7 10. a4 f6 11. Na3 a6 12. b4 e5 13. b5 Nd8 $146 ({RR} 13... Na5
14. dxe5 fxe5 15. Nxe5 O-O 16. b6 Qc8 17. Qh5 Bf5 18. Bg5 Ng6 19. Nxg6 hxg6 20.
Qe2 Qxc3 21. Bxf5 Rxf5 22. Qe6+ Kh7 23. Qxd6 Rxg5 24. Rac1 Qxh3 25. Qh2 Qxh2+
26. Kxh2 Rf8 27. f3 Rf4 28. Re7 {Colonetti,F (2128)-Rietze,C (2325) chess.com
INT 2023 1/2-1/2 (36)}) 14. dxe5 fxe5 15. Nxe5 Bxe5 16. Qh5+ Nf7 17. Bg5 g6 18.
Qh4 Nxg5 19. Qxg5 Bf5 20. Bxf5 gxf5 21. Qh5+ Kd7 22. Qe2 Bd6 23. Qe6+ Kd8 24.
c4 d4 25. Qf6 Rg8 26. Qxd4 Qc5 27. Qd3 Kc7 28. Nc2 Rad8 29. Nd4 Rg6 30. Rad1
Kb8 31. Kf1 Bc7 32. Qe3 Qxc4+ 33. Kg1 Nd5 34. Qf3 Nf4 35. bxa6 Rxg2+ 36. Kh1
Qd5 37. Nc6+ Qxc6 38. Rxd8+ Bxd8 39. Qxf4+ Bc7 40. Rc1 Rh2+ 0-1

[Event "Floripa Chess Open 2024"]
[Site "Florianopolis"]
[Date "2024.01.28"]
[Round "10.41"]
[White "Whately, Josue Henrique De F"]
[Black "Lage, Pedro Ferreira"]
[Result "0-1"]
[WhiteElo "1800"]
[BlackElo "2100"]
[PlyCount "96"]
[EventDate "2024.01.20"]
[EventRounds "10"]
[EventCountry "BRA"]

1. e4 e6 2. d3 d5 3. Qe2 Nf6 4. Nf3 Be7 5. g3 b5 6. Bg2 dxe4 7. dxe4 b4 8. Nbd2
({RR} 8. a3 Ba6 9. Qd2 Nc6 10. e5 Nd5 11. Bf1 Bxf1 12. Kxf1 a5 13. Kg2 O-O 14.
Qe2 Qd7 15. Re1 Rfd8 16. axb4 axb4 17. Rxa8 Rxa8 18. Nbd2 Nb6 19. Nc4 Nxc4 20.
Qxc4 Ra5 21. Qe4 Qd5 22. c3 bxc3 {Timman,J (2655)-Kortschnoj,V (2659) Wijk aan
Zee 2000 1/2-1/2 (65)}) 8... O-O 9. e5 Nd5 10. O-O Ba6 $146 ({RR} 10... c5 11.
Nc4 h6 12. a4 Qc7 13. Qe4 Nc6 14. Re1 Bb7 15. Qg4 Kh8 16. Qh5 Kh7 17. Ng5+ Kg8
18. Ne4 Rad8 19. Ned6 Rxd6 20. exd6 Bxd6 21. Bxd5 exd5 22. Nxd6 Qxd6 23. Bf4
Qd7 24. Rad1 Nd4 25. c3 {Grigorian,M (2082)-Bakunina,A Smolensk 2008 1/2-1/2  
(35)}) 11. Nc4 Nd7 12. Qe4 Nc5 13. Qe2 Qd7 14. Rd1 Rad8 15. Bg5 Bxg5 16. Nxg5
Qe7 17. Ne4 Nb6 18. b3 Nd5 19. Qg4 Nxe4 20. Bxe4 Bxc4 21. bxc4 Nc3 22. Rxd8
Rxd8 23. Bd3 g6 24. h4 h5 25. Qf3 Na4 26. Qb7 Qc5 27. Re1 Nb6 28. Qxa7 Ra8 29.
Qb7 Kg7 30. Re4 Rxa2 31. Qb8 b3 32. Qd8 bxc2 33. Qf6+ Kg8 34. Bxc2 Rxc2 35.
Qd8+ Qf8 36. Qxc7 Qa8 37. Re1 Nxc4 38. Qe7 Nxe5 39. Rd1 Nf3+ 40. Kf1 Rd2 41.
Rxd2 Nxd2+ 42. Ke2 Ne4 43. Ke3 Qd5 44. Qe8+ Kg7 45. Qa4 Nc5 46. Qa1+ Kg8 47.
Qb1 Qe5+ 48. Kf3 Qf5+ 0-1

[Event "Floripa Chess Open 2024"]
[Site "Florianopolis"]
[Date "2024.01.28"]
[Round "10.42"]
[White "Almeida Junior, Alvaro Alves De"]
[Black "Benitez, Andres"]
[Result "1-0"]
[WhiteElo "2099"]
[BlackElo "1956"]
[PlyCount "59"]
[EventDate "2024.01.20"]
[EventRounds "10"]
[EventCountry "BRA"]

1. e4 e5 2. Nf3 Nc6 3. Bc4 Nf6 4. Ng5 d5 5. exd5 Na5 6. Bb5+ c6 7. dxc6 bxc6 8.
Qf3 Be7 9. Bd3 O-O 10. O-O h6 11. Ne4 Nd5 12. Ng3 f5 ({RR} 12... Nb4 13. Nf5
Bg5 14. Re1 Nxd3 15. cxd3 Qf6 16. Ng3 Qxf3 17. gxf3 c5 18. Rxe5 Nc6 19. Rxc5
Nd4 20. Nc3 Nxf3+ 21. Kh1 Ne1 22. Nce4 f5 23. Nd6 Be7 24. Rxc8 Raxc8 25. Nxc8
Rxc8 26. b4 Nxd3 27. Ba3 {Kaidanov,G (2596)-Onischuk,A (2664) Tulsa 2008 0-1 
(42)}) ({RR} 12... Nf4 13. Bf5 Bb7 14. d3 g6 15. b4 Bxb4 16. Bxf4 exf4 17. Qxf4
Bd6 18. Qg4 Qf6 19. Nd2 Qg7 20. Qa4 gxf5 21. Qxa5 c5 22. Qb5 Bd5 23. Qd7 Rad8
24. Qxf5 Be6 25. Qh5 Bg4 26. Qh4 f5 27. Rae1 {Almeida Junior,A (2106)
-Panazzolo,P (1790) Cuiaba BRA 2021 1-0 (31)}) ({RR} 12... Nf4 13. Bf5 Bb7 14.
d3 g6 15. b4 Bxb4 16. Bxf4 exf4 17. Qxf4 Bd6 18. Qg4 Qf6 19. Nd2 Qg7 20. Qa4
gxf5 21. Qxa5 c5 22. Qb5 Bd5 23. Qd7 Rad8 24. Qxf5 Be6 25. Qh5 Bg4 26. Qh4 f5
27. Rae1 {Almeida Junior,A (2106)-Panazzolo,P (1790) Cuiaba MT 2021 1-0 (31)})
13. Nxf5 $146 ({RR} 13. Be2 e4 14. Nxe4 fxe4 15. Qxe4 Rf4 16. Qd3 Bf5 17. Qa6
Nb4 18. Na3 Nxa6 19. Bxa6 Qb6 20. Be2 Bc5 21. Bf3 Re8 22. d3 Bxf2+ 23. Kh1 Rxf3
24. gxf3 Bh3 25. Rd1 Qb4 26. c3 Qf8 27. f4 Qf5 {Kosina,V (1725)-Kopecek,I 
(1949) Brno 2015 0-1}) 13... Bc5 14. Be4 Be6 15. d4 exd4 16. Qh5 Bxf5 17. Bxf5
Qf6 18. Bd3 Bb6 19. Na3 Nb4 20. Bd2 Nxd3 21. cxd3 Nb7 22. Nc4 Rad8 23. Rae1 Bc7
24. f4 Rd5 25. Ne5 a5 26. Qh3 Nc5 $11 27. b4 axb4 28. Bxb4 Qf5 29. Qxf5 Rxf5
30. Nxc6 1-0

[Event "Floripa Chess Open 2024"]
[Site "Florianopolis"]
[Date "2024.01.28"]
[Round "10.43"]
[White "Fernandez, Maria Florencia"]
[Black "Nascimento, Pedro Henrique Alve"]
[Result "1/2-1/2"]
[WhiteElo "2074"]
[BlackElo "1946"]
[PlyCount "46"]
[EventDate "2024.01.20"]
[EventRounds "10"]
[EventCountry "BRA"]

1. d4 d5 2. c4 e6 3. Nc3 a6 4. cxd5 exd5 5. Nf3 h6 6. Bf4 Nf6 7. e3 Bd6 8. Ne5
({RR} 8. Be5 Be6 9. Qb3 Ra7 10. Bd3 Bxe5 11. Nxe5 O-O 12. O-O Nbd7 13. f4 c5
14. f5 c4 15. Qa3 cxd3 16. fxe6 fxe6 17. Nxd3 Ra8 18. Qd6 Qb6 19. Qxb6 Nxb6 20.
Nc5 Rf7 21. b3 Re8 22. Rac1 e5 {Karjakin,S (2748)-Carlsen,M (2875) Zagreb CRO
2019 1/2-1/2 (42)}) ({RR} 8. Bg3 O-O 9. Bd3 c6 10. Qc2 Re8 11. O-O Bxg3 12.
hxg3 Be6 13. b4 Nbd7 14. Na4 Qe7 15. Nc5 Nb6 16. Ne5 Nc8 17. a4 Nd6 18. b5 cxb5
19. axb5 a5 20. b6 Rec8 21. Ra3 Nde4 22. Bxe4 Nxe4 {Romanchuk,V (2266)
-Grandelius,N (2672) chess.com INT 2022 0-1 (40)}) 8... O-O 9. Be2 $146 ({RR} 
9. Bd3 Re8 10. O-O Nbd7 11. Nxd7 Qxd7 12. Qf3 Bxf4 13. Qxf4 Re7 14. b4 Qg4 15.
Qxg4 Bxg4 16. a4 a5 17. b5 Be6 18. Rac1 Nd7 19. Bc2 Nb6 20. Bb3 Rd8 21. h3 Bf5
22. g4 Bg6 23. Kg2 h5 {Krysa,L (2498)-Curia,S (1989) Montevideo URU 2019 1-0 
(43)}) ({RR} 9. Bd3 Re8 10. Bg3 c5 11. O-O cxd4 12. exd4 Nc6 13. Nxc6 bxc6 14.
Qd2 Bxg3 15. hxg3 Qd6 16. Rfe1 Rxe1+ 17. Rxe1 a5 18. a3 Bd7 19. Na4 Qc7 20. Nc5
Bg4 21. Qc3 Nd7 22. Na4 Nf8 23. Rc1 Bd7 {Sargissian,G (2689)-Wang Yue (2684)
chess.com INT 2019 1/2-1/2 (108)}) ({RR} 9. Bd3 Re8 10. Bg3 c5 11. O-O Nc6 12.
Nxc6 bxc6 13. dxc5 Bxc5 14. Rc1 Bd6 15. Na4 Bxg3 16. hxg3 Qd6 17. Qc2 Qe5 18.
Nb6 Rb8 19. Nxc8 Rexc8 20. Bxa6 Rc7 21. b3 c5 22. Be2 h5 23. Bf3 Qg5 {Girya,O 
(2450)-Zhukova,N (2459) Khanty-Mansiysk 2014 1-0 (67)}) 9... Re8 10. O-O Nbd7
11. Nd3 Nb6 12. Rc1 Bf5 13. Bxd6 Qxd6 14. a4 Bxd3 15. Bxd3 Qe7 16. a5 Nc8 17.
Qb3 c6 18. Rfe1 Nd6 19. f3 Nb5 20. Ra1 Nd7 21. Qc2 Qh4 22. Nxb5 axb5 23. a6
Rxa6 1/2-1/2

[Event "Floripa Chess Open 2024"]
[Site "Florianopolis"]
[Date "2024.01.28"]
[Round "10.44"]
[White "Silva, Caio Henrique Angel"]
[Black "Rekik, Ismail"]
[Result "1-0"]
[WhiteElo "2074"]
[BlackElo "1919"]
[PlyCount "55"]
[EventDate "2024.01.20"]
[EventRounds "10"]
[EventCountry "BRA"]

1. Nf3 Nf6 2. c4 e6 3. g3 b6 4. Bg2 Bb7 5. O-O c5 6. Nc3 Be7 7. b3 O-O 8. Bb2
d6 9. d4 cxd4 10. Qxd4 a6 11. Rad1 Qc7 12. Rfe1 Nbd7 13. e4 Rfd8 14. h3 Rac8 ({
RR} 14... Ne5 15. Qe3 Bf8 16. Nd4 g6 17. f4 Ned7 18. Kh1 Rac8 19. Re2 Qb8 20.
f5 e5 21. Nc2 Qc7 22. Rf1 b5 23. fxg6 fxg6 24. Nd5 Nxd5 25. cxd5 Be7 26. h4 Rf8
27. Ref2 Rxf2 28. Rxf2 Qc5 29. Bh3 {Pimpalkhare,V (2067)-Radlovacki,J (2326)
Veliko Gradiste SRB 2019 1-0 (37)}) 15. Qe3 Bf8 16. Nd4 ({RR} 16. Nh2 Bc6 17.
g4 b5 18. cxb5 axb5 19. g5 Ne8 20. Ng4 Qb6 21. Qg3 Ne5 22. Nxe5 dxe5 23. Ne2
Bb4 24. Rf1 Qb7 25. Qg4 Bd6 26. h4 b4 27. Rd2 Bc5 28. Rxd8 Rxd8 29. Bxe5 Bb5
30. h5 Qa6 {Miolo,E (2405)-Ljubojevic,L (2645) Jakarta 1983 0-1 (45)}) 16...
Ne5 $146 ({RR} 16... Qb8) ({RR} 16... Nc5 17. g4 d5 18. cxd5 exd5 19. Nf5 dxe4
20. Qg5 Ne6 21. Qh4 g5 22. Qg3 Qxg3 23. Nxg3 Nf4 24. Ncxe4 Nxe4 25. Bxe4 Bxe4
26. Nxe4 Bg7 27. Bxg7 Kxg7 28. Nxg5 Rxd1 29. Rxd1 Rc2 30. Rd7 Rxa2 31. Rxf7+ {
Hort,A (2007)-Wehner,R (2119) Winterberg 2002 1/2-1/2 (57)}) ({RR} 16... Qb8
17. Kh1 Ba8 18. f4 Bb7 19. Kh2 {1/2-1/2 (19) Barlow,M-Stuart,P (2225) North
Shore 1991}) 17. f4 Nc6 18. Kh2 Nxd4 19. Qxd4 h5 20. Qe3 Bc6 21. a4 Qb7 22. Qe2
Rb8 23. Na2 d5 24. cxd5 exd5 25. Bxf6 gxf6 26. exd5 Bxd5 27. Rxd5 Rxd5 28. Nc3
1-0

[Event "Floripa Chess Open 2024"]
[Site "Florianopolis"]
[Date "2024.01.28"]
[Round "10.45"]
[White "Gemy, Jose Daniel"]
[Black "Muzzi, Eduardo"]
[Result "1-0"]
[WhiteElo "2329"]
[BlackElo "1913"]
[PlyCount "40"]
[EventDate "2024.01.20"]
[EventRounds "10"]
[EventCountry "BRA"]

1. e4 c6 2. d4 d5 3. Nd2 Nf6 4. e5 Nfd7 ({RR} 4... Ng8 5. Bd3 h5 6. c3 g6 7.
Qc2 e6 8. Ndf3 Ne7 9. Bg5 Qc7 10. Ne2 Nf5 11. h3 Be7 12. O-O-O Bxg5+ 13. Nxg5
h4 14. g4 hxg3 15. Nxg3 Qe7 16. Nf3 b6 17. Nxf5 gxf5 18. Rdg1 Ba6 19. h4 {
Peglau,C (1818)-Svizensky,L (1935) Marianske Lazne CZE 2022 1-0 (59)}) 5. f4 ({
RR} 5. e6 fxe6 6. Bd3 g6 7. Ngf3 Bg7 8. Nb3 c5 9. Ng5 Qb6 10. Nxh7 c4 11. Qg4
Rxh7 12. Bxg6+ Kf8 13. Bxh7 Nf6 14. Qg6 cxb3 15. Bh6 Bxh6 16. Qxh6+ Ke8 17.
Bg6+ Kd7 18. c3 bxa2 19. Qd2 Nc6 {Comp Fritz 6-Polgar,J (2677) Frankfurt 1999
1-0 (44)}) 5... c5 6. c3 $146 ({RR} 6. Ngf3 Nc6 7. c3 e6 8. Nb3 Be7 9. Be2 O-O
10. O-O a6 11. Qe1 b5 12. Qg3 Re8 13. Qh3 c4 14. Nbd2 Nf8 15. g4 f6 16. Bd1 b4
17. Bc2 a5 18. Nb1 Nd7 {1-0 (18) Qian,J-Bosnjak,D Kemer 2009}) 6... Nc6 7. Ndf3
Qa5 8. Kf2 b5 9. Be3 b4 10. Ne2 Rb8 11. c4 dxc4 12. d5 Nd8 13. d6 Bb7 14. Nd2
Bd5 15. Qc1 f6 16. Nxc4 Bxc4 17. Qxc4 fxe5 18. Rd1 g6 19. g3 Bg7 20. Bh3 Qb5
1-0

[Event "Floripa Chess Open 2024"]
[Site "Florianopolis"]
[Date "2024.01.28"]
[Round "10.46"]
[White "Gattass, Allan"]
[Black "De Paula, Luan Araujo"]
[Result "1-0"]
[WhiteElo "2225"]
[BlackElo "1863"]
[PlyCount "43"]
[EventDate "2024.01.20"]
[EventRounds "10"]
[EventCountry "BRA"]

1. e4 c6 2. d4 d5 3. Nd2 dxe4 4. Nxe4 Nf6 5. Nxf6+ exf6 6. c3 Bd6 7. Bd3 O-O 8.
Qc2 h5 9. Ne2 Re8 10. Be3 Nd7 11. O-O Nf8 12. c4 h4 13. h3 Be6 14. Rfd1 ({RR} 
14. Rad1 Rc8 15. Rfe1 Qd7 16. Nf4 Bb8 17. Nxe6 Nxe6 18. Bh7+ Kh8 19. Bf5 Qd6
20. Qe4 Qh2+ 21. Kf1 Nf4 22. Bxf4 Qh1+ 23. Ke2 Qxg2 24. Be5 Qxe4+ 25. Bxe4 fxe5
26. d5 cxd5 27. Bxd5 Re7 28. Rg1 g6 {Saya,E (2204)-Gunina,V (2471) chess.com
INT 2022 0-1 (45)}) 14... Qd7 $146 ({RR} 14... Rc8 15. Bf4 Ng6 16. Bxd6 Qxd6
17. Rd2 Ne7 18. Rad1 a6 19. Nc3 f5 20. d5 cxd5 21. cxd5 Bd7 22. Qb3 b5 23. a3
Ng6 24. Qb4 Qb6 25. Be2 a5 26. Qb3 b4 27. axb4 axb4 28. d6 Be6 29. Nd5 {
Akhmetov,A (2409)-Hamitevici,V (2505) Almaty KAZ 2018 1/2-1/2 (46)}) 15. Nf4
Bxf4 16. Bxf4 Bxh3 17. gxh3 Qxh3 18. Be3 f5 19. Bxf5 Qf3 20. Kh2 g6 21. Rg1 Kh7
22. Bh3 1-0

[Event "Floripa Chess Open 2024"]
[Site "Florianopolis"]
[Date "2024.01.28"]
[Round "10.47"]
[White "Pedroso, Denian"]
[Black "Contin, Daniel"]
[Result "1/2-1/2"]
[WhiteElo "1924"]
[BlackElo "2203"]
[PlyCount "75"]
[EventDate "2024.01.20"]
[EventRounds "10"]
[EventCountry "BRA"]

1. e4 e6 2. d4 d5 3. Nd2 c5 4. Ngf3 a6 5. Be2 Nc6 6. exd5 exd5 7. O-O cxd4 8.
Nb3 Bd6 9. Nbxd4 Nf6 ({RR} 9... Nge7 10. c3 O-O 11. Be3 Ng6 12. Qb3 Re8 13.
Rad1 Bc7 14. c4 Na5 15. Qc2 Nxc4 16. Bxc4 dxc4 17. Qxc4 Bd7 18. Qb3 Qb8 19. Ng5
Re7 20. Ndf3 Qe8 21. Rc1 Bb5 22. Rfe1 Ba5 23. Nd2 Nf4 24. Nxf7 {Leon,J (2265)
-Contin,D (2373) Buenos Aires 2012 0-1}) 10. Bg5 O-O $146 ({RR} 10... h6 11.
Bh4 O-O 12. c3 Re8 13. Re1 Bg4 14. Qd3 Bc5 15. Rad1 Bxd4 16. Nxd4 Ne5 17. Qc2
Qb6 18. Bxg4 Nexg4 19. h3 Ne5 20. Bxf6 Qxf6 21. Qf5 Qxf5 22. Nxf5 Nc4 23. b3
Ne5 24. Kf1 Rad8 25. Ne3 {Jackson,S (2220)-McLure,A (2010) Blackpool 1990 1-0 
(46)}) 11. Re1 Re8 12. c3 Bd7 13. Qd3 Re4 14. Qd2 h6 15. Be3 Ng4 16. Bd3 f5 17.
h3 Nxe3 18. fxe3 Qe7 19. Bxe4 fxe4 20. Nxc6 bxc6 21. Nd4 Qe5 22. g4 Rf8 23. Rf1
Qg3+ 24. Qg2 Qxe3+ 25. Kh1 c5 26. Rxf8+ Bxf8 27. Nf5 Bxf5 28. gxf5 d4 29. f6 d3
30. fxg7 Bd6 31. Qg4 d2 32. Rf1 Bf4 33. Kg2 h5 34. Qe6+ Kxg7 35. Qe7+ Kg6 36.
Qe8+ Kg5 37. Qe7+ Kf5 38. Qf7+ 1/2-1/2

[Event "Floripa Chess Open 2024"]
[Site "Florianopolis"]
[Date "2024.01.28"]
[Round "10.49"]
[White "Ferreira, Thales Bond Dias"]
[Black "Dias, Marcelo De Souza"]
[Result "1-0"]
[WhiteElo "2086"]
[BlackElo "1854"]
[PlyCount "105"]
[EventDate "2024.01.20"]
[EventRounds "10"]
[EventCountry "BRA"]

1. c4 c5 2. g3 Nc6 3. Bg2 g6 4. Nf3 Bg7 5. O-O e5 6. Nc3 Nf6 7. Ne1 d6 8. Nc2
O-O 9. Ne3 Be6 10. a3 ({RR} 10. Ned5 h6 11. d3 Nd7 12. Rb1 Rb8 13. a3 f5 14. b4
b6 15. Bd2 g5 16. f4 exf4 17. gxf4 g4 18. e4 Nd4 19. exf5 Bxf5 20. Ne4 Nf6 21.
Qe1 Nxd5 22. cxd5 Qe7 23. Kh1 Rbe8 24. bxc5 bxc5 {Kostiukov,A (2271)-Baglan,E 
(2333) chess.com INT 2022 0-1 (37)}) 10... Qd7 11. Re1 $146 ({RR} 11. Rb1 Nh5
12. d3 Bh3 13. b4 Bxg2 14. Kxg2 f5 15. Ned5 f4 16. bxc5 dxc5 17. Ne4 b6 18. Bb2
h6 19. Qa4 Rac8 20. h3 Kh7 21. Kh2 f3 22. e3 Nf6 23. Nexf6+ Bxf6 24. e4 Bg5 25.
Bc3 h5 {Bouton,C (2210)-Mohebbi,J (2300) Paris 1993 0-1 (46)}) 11... Nh5 12.
Ned5 f5 13. e3 e4 14. d3 exd3 15. Qxd3 Ne5 16. Qe2 Nf6 17. Rb1 Nxd5 18. Nxd5
Nc6 19. b4 Ne7 20. Nxe7+ Qxe7 21. bxc5 Rab8 22. cxd6 Qxd6 23. Rd1 Qc7 24. Bd5
Bf7 25. Bb2 b6 26. Bxg7 Kxg7 27. Qb2+ Kg8 28. h4 Qe7 29. Rd4 Rfd8 30. Rbd1 Bxd5
31. Rxd5 Rxd5 32. Rxd5 Rd8 33. Qb4 Qc7 34. Qb5 Rxd5 35. Qe8+ Kg7 36. cxd5 Qd6
37. Qc6 Qd8 38. d6 Kf8 39. f3 Kf7 40. Qc7+ Ke8 41. Qxd8+ Kxd8 42. e4 fxe4 43.
fxe4 Kd7 44. e5 b5 45. Kf1 a5 46. Ke2 h6 47. Kd3 Kc6 48. g4 Kd7 49. Kc3 Kc6 50.
Kd4 Kb6 51. e6 Kc6 52. e7 Kd7 53. Kc5 1-0

[Event "Floripa Chess Open 2024"]
[Site "Florianopolis"]
[Date "2024.01.28"]
[Round "10.50"]
[White "Fischer, Ivo Lucio"]
[Black "Volkmann, Andre Jordi"]
[Result "0-1"]
[WhiteElo "1860"]
[BlackElo "2083"]
[PlyCount "66"]
[EventDate "2024.01.20"]
[EventRounds "10"]
[EventCountry "BRA"]

1. d4 f5 2. c4 Nf6 3. Nc3 g6 4. Nf3 Bg7 5. g3 O-O 6. Bg2 d6 7. O-O c6 8. Qc2
Kh8 9. Bg5 ({RR} 9. Rd1 Be6 10. b3 Na6 11. a3 Bg8 12. e3 Qe8 13. Bb2 h6 14. Ne2
b6 15. Rac1 g5 16. b4 Rc8 17. Qa4 Nb8 18. Qxa7 Nbd7 19. Qa4 Bxc4 20. Qc2 Bg8
21. Nd2 d5 22. Qa4 b5 23. Qc2 Qh5 {De Witte,S (1712)-Hajenius,W (1934) Niel
2017 0-1 (33)}) 9... Be6 10. b3 Nbd7 11. Rad1 Bg8 $146 ({RR} 11... d5 12. Ne5
Ne4 13. Bf4 Nxe5 14. Bxe5 Bxe5 15. dxe5 Qa5 16. Nxe4 dxe4 17. f4 Qc5+ 18. Kh1
b5 19. Qc3 bxc4 20. b4 Qb6 21. g4 Rad8 22. gxf5 gxf5 23. Bh3 Rxd1 24. Rxd1 Qf2
{0-1 (24) Beliavsky,A (2655)-Jussupow,A (2615) Reykjavik 1988}) 12. Qc1 Qa5 13.
Bd2 Qc7 14. Bh6 e5 15. Bxg7+ Kxg7 16. dxe5 dxe5 17. e4 f4 18. Qb2 fxg3 19. hxg3
Rae8 20. Nh4 Be6 21. f4 Bg4 22. Rde1 Kg8 23. f5 g5 24. Nf3 Bxf3 25. Bxf3 g4 26.
Bd1 Nc5 27. Re3 Qb6 28. Qf2 Rd8 29. Na4 Nxa4 30. bxa4 Qc5 31. Rb3 Qxf2+ 32.
Kxf2 Nxe4+ 33. Ke3 Nd2 0-1